| 000 | 00514nam a22001817a 4500 | ||
|---|---|---|---|
| 008 | 131113b xxu||||| |||| 00| 0 eng d | ||
| 020 | _a3854283474 | ||
| 041 | 0 | _ager | |
| 080 | _a339.138 | ||
| 100 | 1 | _aHaslofer, Gerlad | |
| 245 | 1 | 0 |
_aDatabase marketing : _cGerald Haslhofer |
| 260 |
_aWien : _bService Fachverlag ; _c1996. |
||
| 300 |
_a173 f. _c30cm. |
||
| 500 | _aVorwort : f. 9 | ||
| 505 | _aLiteraturverzeichnis : f. 159-166 | ||
| 650 | 0 | _aMarketingu | |
| 942 |
_2udc _cBK |
||
| 999 |
_c296 _d296 |
||